Organizational Behavior: text and cases (Record no. 845)

MARC details
000 -LEADER
fixed length control field 00391nam a22001577a 4500
005 - DATE AND TIME OF LATEST TRANSACTION
control field 20180730145356.0
008 - FIXED-LENGTH DATA ELEMENTS--GENERAL INFORMATION
fixed length control field 160514b xxu||||| |||| 00| 0 eng d
041 ## - LANGUAGE CODE
Language code of text/sound track or separate title eng
082 ## - DEWEY DECIMAL CLASSIFICATION NUMBER
Item number 2348
Classification number 658.16
100 ## - MAIN ENTRY--AUTHOR NAME
Personal name Chopra,R.K.
245 ## - TITLE STATEMENT
Title Organizational Behavior: text and cases
260 ## - PUBLICATION, DISTRIBUTION, ETC. (IMPRINT)
Name of publisher Sun India Publication
Year of publication 2006
300 ## - PHYSICAL DESCRIPTION
Number of Pages 544p,
650 ## - SUBJECT ADDED ENTRY--TOPICAL TERM
Topical Term Management
942 ## - ADDED ENTRY ELEMENTS (KOHA)
Koha item type Books
Holdings
Lost status Damaged status Collection code Home library Current library Shelving location Date acquired Cost, normal purchase price Full call number Accession Number Koha item type
    MANAGEMENT JRU Library JRU Library SHELF-64-C 14/05/2016 230.00 658.16 2348 Books
    MANAGEMENT JRU Library JRU Library SHELF-64-C 14/05/2016 230.00 658.16 2349 Books
      JRU Library   SHELF - 16 - K 14/05/2016 230.00 658.16 2350 Books
    MANAGEMENT JRU Library JRU Library SHELF-64-C 14/05/2016 230.00 658.16 2351 Books